MARC details
| 000 -LEADER |
| fixed length control field |
01907cam a22003375a 4500 |
| 001 - CONTROL NUMBER |
| control field |
18667575 |
| 005 - DATE AND TIME OF LATEST TRANSACTION |
| control field |
20161114150938.0 |
| 008 - FIXED-LENGTH DATA ELEMENTS--GENERAL INFORMATION |
| fixed length control field |
150622s2015 nyua frbd 001 0 eng d |
| 020 ## - INTERNATIONAL STANDARD BOOK NUMBER |
| International Standard Book Number |
9781628922967 |
| 040 ## - CATALOGING SOURCE |
| Original cataloging agency |
DLC |
| Language of cataloging |
eng |
| Transcribing agency |
DLC |
| Modifying agency |
EG-ScBUE |
| 043 ## - GEOGRAPHIC AREA CODE |
| Geographic area code |
n-us--- |
| 082 04 - DEWEY DECIMAL CLASSIFICATION NUMBER |
| Classification number |
302.230973 |
| Edition number |
22 |
| Item number |
GUT |
| 100 1# - MAIN ENTRY--PERSONAL NAME |
| Personal name |
Gutsche, Robert E., |
| Dates associated with a name |
1980- |
| 245 10 - TITLE STATEMENT |
| Title |
Media control : |
| Remainder of title |
news as an institution of power and social control / |
| Statement of responsibility, etc |
Robert E. Gutsche. |
| 260 ## - PUBLICATION, DISTRIBUTION, ETC. (IMPRINT) |
| Place of publication, distribution, etc |
New York ; |
| -- |
London : |
| Name of publisher, distributor, etc |
Bloomsbury Academic, |
| Date of publication, distribution, etc |
2015. |
| 300 ## - PHYSICAL DESCRIPTION |
| Extent |
x, 383 p. : |
| Other physical details |
ill. ; |
| Dimensions |
24 cm. |
| 500 ## - GENERAL NOTE |
| General note |
Index : p. [363]-383. |
| 500 ## - GENERAL NOTE |
| General note |
Glosssary : p. [363]-365. |
| 504 ## - BIBLIOGRAPHY, ETC. NOTE |
| Bibliography, etc |
Includes bibliographical referecens. |
| 505 8# - FORMATTED CONTENTS NOTE |
| Formatted contents note |
Machine generated contents note: -- Introduction -- Chapter 1 - Making News: Purposes, Practices & Pandering -- Chapter 2 - Press as Paternal Authority: Veiling Power via 'The Fourth Estate' -- Chapter 3 - Controversies, Conspiracies & Confusion: News as Cultural Distraction -- Chapter 4 - Normalizing Surveillance & Control: How the Press Contribute to Policing -- Chapter 5 - The Myth of Media Literacy & Why Americans Will Never Have It -- Conclusion. |
| 520 ## - SUMMARY, ETC. |
| Summary, etc |
"A critical approach to the cultural function of news media, arguing that news is an institution that performs a function of social control under the guise of the Fourth Estate"-- |
| 650 #7 - SUBJECT ADDED ENTRY--TOPICAL TERM |
| Topical term or geographic name as entry element |
Mass media |
| General subdivision |
Political aspects |
| Geographic subdivision |
United States |
| General subdivision |
History |
| Chronological subdivision |
20th century. |
| Source of heading or term |
BUEsh |
| 650 #7 - SUBJECT ADDED ENTRY--TOPICAL TERM |
| Topical term or geographic name as entry element |
Mass media |
| General subdivision |
Political aspects |
| Geographic subdivision |
United States |
| General subdivision |
History |
| Chronological subdivision |
21st century. |
| Source of heading or term |
BUEsh |
| 650 #7 - SUBJECT ADDED ENTRY--TOPICAL TERM |
| Topical term or geographic name as entry element |
Journalism |
| General subdivision |
Political aspects |
| Geographic subdivision |
United States |
| General subdivision |
History |
| Chronological subdivision |
20th century. |
| Source of heading or term |
BUEsh |
| 650 #0 - SUBJECT ADDED ENTRY--TOPICAL TERM |
| Topical term or geographic name as entry element |
Journalism |
| General subdivision |
Political aspects |
| Geographic subdivision |
United States |
| General subdivision |
History |
| Chronological subdivision |
21st century. |
| Source of heading or term |
BUEsh |
| 650 #7 - SUBJECT ADDED ENTRY--TOPICAL TERM |
| Topical term or geographic name as entry element |
Press and politics |
| Geographic subdivision |
United States. |
| Source of heading or term |
BUEsh |
| 650 #7 - SUBJECT ADDED ENTRY--TOPICAL TERM |
| Topical term or geographic name as entry element |
Social control |
| Geographic subdivision |
United States. |
| Source of heading or term |
BUEsh |
| 651 ## - SUBJECT ADDED ENTRY--GEOGRAPHIC NAME |
| Source of heading or term |
BUEsh |
| 653 ## - INDEX TERM--UNCONTROLLED |
| Resource For college |
Informatics and Computer Science |
| Arrived date list |
November2016 |
| 942 ## - ADDED ENTRY ELEMENTS (KOHA) |
| Source of classification or shelving scheme |
Dewey Decimal Classification |